01013nam a2200241 a 450000100100000000500170001000800410002702000180006804000250008608200200011110000290013124500320016026001030019230000200029550000730031559000260038865000290041465000310044391000380047495201180051295201240063099900170075400004295220240412074302.0140213s2012 dr r 000 j spa d a9789945404869 aDO-SdBNPbspacBNPHU aRD863.44bR196r1 aRangassamy, Xenia95017610aRuleta /cXenia Rangassamy. aSanto Domingo :bMinisterio de Cultura, Sistema Nacional de Creación Literaria,c2012.fNacional a92 p. ;c23 cm. aIncluye datos biografícos de la autora en la solapa de la cubierta aInventariado, 2018/BT 0aCuentos dominicanos9176 0aLiteratura dominicana.967 aValidado. Control de calidad. MFF 0010718PDaPDbPDcHDd2014-02-13iLF1l0oRD863.44 R196rp42952-10r2020-06-25w2020-06-25yLFPDZNo se presta 0010718PDaPDbPDcHDd2018-03-21iLF1l0oRD863.44 R196rp42952-20r2020-06-25te. 2w2020-06-25yLFPDZNo se presta c42441d42441